Uma flor chamada Maria (Registo nº 4506)

Detalhes MARC
000 -Etiqueta do registo
Cabeçalho 00895nam0a2200289 i 4500
005 - Identificador da versão
Campo de controlo 20240813122104.0
010 ## - Número internacional normalizado dos livros (ISBN)
Número (ISBN) 9789722119634
021 ## - Número do Depósito Legal
Código do país PT
Número 396446/15
003 - Persistent Record Identifier
control field http://porbase.bnportugal.pt/ipac20/ipac.jsp?profile=bn&uri=full=3100024~!2216261~!0
100 ## - Dados gerais de processamento
Dados gerais de processamento 20161103d2015 c y0pory5003 ba
102 ## - Pais de publicação ou produção
País de publicação Portugal
101 0# - Língua de publicação
Língua do texto, banda sonora, etc. Português
215 ## - Descrição física 
Indicação específica da natureza do documento e extensão da espécie 39, [3] p.
Outras indicações físicas il. color
200 1# - Titulo e menção de responsabilidade
Título próprio Uma flor chamada Maria
Primeira menção de responsabilidade Alves Redol
Outras menções de responsabilidade il. de José Miguel Ribeiro
205 ## - Menção da edição
Menção da edição 6ª ed.
210 ## - Publicação, Distribuição, etc. 
Lugar da edição, distribuição, etc. Alfragide
Nome do editor, distribuidor, etc. Caminho
Data da publicação, distribuição, etc. D.L. 2015
300 ## - Notas gerais 
Texto da nota Metas Curriculares
Texto da nota PNL
606 ## - Nome comum usado como assunto
Número de registo de entrada de autoridade 0001358
Palavra de ordem Literatura portuguesa
Subdivisão de assunto Poesia
Código do sistema CA
675 ## - Classificação Decimal Universal (CDU)
Notação 821.134.3-1
Edição 3ª ed.
Língua da edição por
702 #1 - Nome de autor-pessoa física (responsabilidade secundária)
Número de registo de entrada de autoridade 0001362
Palavra de ordem Ribeiro
Outra parte do nome não tomada para palavra de ordem José Miguel
Datas 1966-
Código de função Ilustrador / Técnico de desenho computorizado
700 #1 - Nome de autor-pessoa física (responsabilidade principal)
Número de registo de entrada de autoridade 0001361
Palavra de ordem Redol
Outra parte do nome não tomada para palavra de ordem Alves
Datas 1911-1969
966 ## - Identificação da Biblioteca
Sigla EBVEN
942 ## - Elementos de entrada adicionados (Koha)
Tipo de item no Koha Livro
Exemplares
Situação do levantamento Origin of item (home branch) (coded) Biblioteca de empréstimo Código de barras Cota Circulation type (not for loan) Tipo de documento Nota do exemplar Damaged status
  Biblioteca Escolar das Vendas Biblioteca Escolar das Vendas BEV2526 8POR RED MET PNL   Livro Sem mensagem